[Event "3rd VAM op"]
[Site "Hoogeveen NED"]
[Date "1999.10.18"]
[Round "4.7"]
[White "Bosch, Jeroen"]
[Black "Jonkman, Harmen"]
[Result "1/2-1/2"]
[WhiteElo "2433"]
[BlackElo "2421"]
[EventDate "1999.10.15"]
[PlyCount "21"]

1.e4 e5 2.Nf3 Nc6 3.Bc4 Nf6 4.d3 Bc5 5.Nc3 h6 6.Be3 Bb6 7.Bxb6 axb6 8.d4 
exd4 9.Nxd4 O-O 10.O-O Re8 11.Bb3 1/2-1/2

[Event "3rd VAM op"]
[Site "Hoogeveen NED"]
[Date "1999.10.18"]
[Round "4.9"]
[White "Azadmanesh, Moosa"]
[Black "Van der Veen, Jan"]
[Result "1/2-1/2"]
[WhiteElo "2147"]
[BlackElo "2090"]
[EventDate "1999.10.15"]
[PlyCount "64"]

1.e4 e5 2.Nf3 Nc6 3.d4 exd4 4.Nxd4 Nf6 5.Nxc6 bxc6 6.e5 Qe7 7.Qe2 Nd5 8.c4
Nb6 9.Nd2 d6 10.exd6 cxd6 11.b3 Bg4 12.f3 Be6 13.Bb2 d5 14.cxd5 Nxd5 15.a3
Rd8 16.Qe5 f6 17.Qe4 Kf7 18.Bc4 Qc5 19.Bd4 Qa5 20.b4 Qc7 21.O-O Bd6 22.Qh4
Nf4 23.Rfe1 Bxc4 24.Nxc4 Bxb4 25.Be5 Bxe1 26.Qxf4 Qe7 27.Rxe1 Qc5+ 28.Kf1 
Rhe8 29.Nd6+ Rxd6 30.Bxd6 Qb5+ 31.Kf2 Qb2+ 32.Kf1 Qb5+ 1/2-1/2

[Event "3rd VAM op"]
[Site "Hoogeveen NED"]
[Date "1999.10.18"]
[Round "4.11"]
[White "Neverov, Valeriy"]
[Black "Van der Weide, Karel"]
[Result "1-0"]
[WhiteElo "2549"]
[BlackElo "2434"]
[EventDate "1999.10.15"]
[PlyCount "123"]

1.d4 Nf6 2.c4 c5 3.d5 b5 4.cxb5 a6 5.bxa6 g6 6.Nc3 Bxa6 7.e4 Bxf1 8.Kxf1 
d6 9.Nf3 Bg7 10.g3 O-O 11.Kg2 Nbd7 12.h3 Qa5 13.Re1 Rfb8 14.Re2 Ne8 15.Rc2
Nb6 16.Qe2 Qa6 17.Qxa6 Rxa6 18.Rb1 Na4 19.Nd1 Nc7 20.b3 f5 21.Nd2 Nb6 22.
b4 Nd7 23.bxc5 Rxb1 24.Nxb1 Nxc5 25.Be3 fxe4 26.Bxc5 dxc5 27.Rxc5 Ne8 28.
Nbc3 Nd6 29.a4 h5 30.Rc6 Ra5 31.Kf1 Kf7 32.Ke2 Bd4 33.Kd2 g5 34.Kc2 Ke8 
35.Kb3 Kd7 36.Kb4 Ra8 37.Nb5 Rb8 38.Rc7+ Kd8 39.Rc2 Kd7 40.Rc7+ Kd8 41.Rc2
Kd7 42.g4 hxg4 43.hxg4 Ne8 44.Rc4 Bb6 45.Ndc3 Nf6 46.a5 Bxf2 47.Rc7+ Kd8 
48.a6 Bb6 49.d6 exd6 50.Rf7 Bc5+ 51.Kc4 Nd7 52.Kd5 Ke8 53.Rg7 Nb6+ 54.Ke6 
Kf8 55.Rf7+ Kg8 56.Nxe4 Re8+ 57.Re7 Rxe7+ 58.Kxe7 Be3 59.Nf6+ Kg7 60.Ke6 
Nc4 61.Nxd6 Nxd6 62.Nh5+ 1-0

[Event "3rd VAM op"]
[Site "Hoogeveen NED"]
[Date "1999.10.18"]
[Round "4.12"]
[White "Westerinen, Heikki"]
[Black "Smeets, Jan"]
[Result "1-0"]
[WhiteElo "2382"]
[BlackElo "2193"]
[EventDate "1999.10.15"]
[PlyCount "103"]

1.e4 d5 2.exd5 Qxd5 3.Nc3 Qa5 4.d4 c6 5.Nf3 Nf6 6.Bc4 Bf5 7.Bd2 e6 8.Nd5 
Qd8 9.Nxf6+ gxf6 10.Bb3 Nd7 11.Qe2 Bd6 12.O-O-O Qc7 13.Nh4 Bg6 14.g3 O-O-O
15.Rhe1 Kb8 16.Kb1 Rc8 17.Bc3 Rhd8 18.Qf3 Qb6 19.Ka1 Ka8 20.h3 Qb5 21.Nxg6
hxg6 22.Bd2 Rh8 23.h4 Qh5 24.g4 Qh7 25.Rh1 Be7 26.c3 Nb6 27.h5 g5 28.Rde1 
Qg7 29.Qe4 Rcd8 30.Bc1 Rd7 31.Rh3 Bd6 32.Reh1 Rh6 33.c4 Bc7 34.Be3 Qf8 35.
a3 Qb8 36.a4 Qf8 37.a5 Nc8 38.a6 Qb4 39.axb7+ Kxb7 40.Qc2 Nb6 41.c5 Nc8 
42.Bc4 Qa5+ 43.Kb1 Bb8 44.Bd2 Qc7 45.Qa4 Ne7 46.Rb3+ Ka8 47.Ba6 Rh8 48.Ba5
Qf4 49.Qb4 Qe4+ 50.Ka2 Qxh1 51.Qb7+ Rxb7 52.Bxb7# 1-0

[Event "3rd VAM op"]
[Site "Hoogeveen NED"]
[Date "1999.10.18"]
[Round "4.16"]
[White "Pel, Bonno"]
[Black "Visser, Yge"]
[Result "1-0"]
[WhiteElo "2224"]
[BlackElo "2378"]
[EventDate "1999.10.15"]
[PlyCount "91"]

1.Nc3 d5 2.e4 e6 3.g3 Nf6 4.Bg2 dxe4 5.Nxe4 Nxe4 6.Bxe4 Nc6 7.Qe2 Nd4 8.
Qd3 f5 9.Bg2 Qf6 10.Ne2 Nxe2 11.Qxe2 Bd6 12.Bxb7 Bxb7 13.Qb5+ c6 14.Qxb7 
Qe5+ 15.Kd1 O-O 16.Qxc6 Rac8 17.Qf3 Qc5 18.c3 e5 19.b3 e4 20.Qe3 Qc6 21.
Re1 Bc5 22.Qe2 Rfd8 23.Kc2 Rd3 24.Bb2 Rcd8 25.Rad1 Rf3 26.Qc4+ Qd5 27.
Qxd5+ Rxd5 28.c4 Rd7 29.Re2 Bxf2 30.g4 fxg4 31.Rxe4 h5 32.Rf1 Rdf7 33.Be5 
Bh4 34.Rh1 Re7 35.d4 Rf2+ 36.Kc3 Rxa2 37.h3 g3 38.Rxh4 g6 39.Rg1 g2 40.Rf4
a5 41.Rf3 a4 42.Rg3 Ra3 43.Kb4 Rxb3+ 44.Rxb3 axb3 45.Rxg2 Rb7+ 46.Kc3 1-0

[Event "3rd VAM op"]
[Site "Hoogeveen NED"]
[Date "1999.10.18"]
[Round "4.18"]
[White "Hendriks, Willy"]
[Black "Markus, John Raymond"]
[Result "1/2-1/2"]
[WhiteElo "2378"]
[BlackElo "2156"]
[EventDate "1999.10.15"]
[PlyCount "129"]

1.e4 e5 2.Bc4 Nf6 3.d3 Nc6 4.Nf3 Be7 5.O-O O-O 6.Re1 d6 7.c3 Na5 8.Bb5 a6 
9.Ba4 b5 10.Bc2 c5 11.Nbd2 Bb7 12.Nf1 Qc7 13.Ng3 Rfe8 14.h3 Bf8 15.Nh4 g6 
16.Bg5 Bg7 17.Qd2 Nd7 18.Bh6 Bf6 19.Nf3 Nf8 20.Ng5 Ne6 21.Nxe6 fxe6 22.Rf1
d5 23.Qe2 c4 24.Kh1 d4 25.cxd4 exd4 26.f4 Rac8 27.Qg4 Bg7 28.Bxg7 Qxg7 29.
a4 cxd3 30.Bxd3 Nc4 31.axb5 Ne3 32.Qg5 Nxf1 33.Rxf1 axb5 34.Qxb5 Bc6 35.
Qb6 Qd7 36.Ra1 Rb8 37.Qc5 Rxb2 38.Ne2 Rd8 39.Ra6 Bxe4 40.Bxe4 Rxe2 41.Bd3 
Qd5 42.Qxd5 Re1+ 43.Kh2 exd5 44.Ra4 Rd1 45.Rxd4 Kf8 46.Kg3 Ke7 47.Kf3 Rd2 
48.g3 Kd6 49.Ke3 Rd1 50.Ke2 Rh1 51.h4 Re8+ 52.Kf3 Rd1 53.Bxg6 Rxd4 54.Bxe8
Rd3+ 55.Kf2 d4 56.h5 Re3 57.Bf7 Ke7 58.Bg8 h6 59.Bh7 Kf6 60.g4 Ra3 61.Bf5 
Ra2+ 62.Kf3 Rd2 63.Bg6 Ra2 64.Ke4 Rd2 65.Kf3 1/2-1/2

[Event "3rd VAM op"]
[Site "Hoogeveen NED"]
[Date "1999.10.18"]
[Round "4.19"]
[White "Berelowitsch, Alexander"]
[Black "Barsov, Alexei"]
[Result "1-0"]
[WhiteElo "2468"]
[BlackElo "2539"]
[EventDate "1999.10.15"]
[PlyCount "80"]

1.e4 e6 2.d4 d5 3.Nd2 c5 4.exd5 Qxd5 5.Ngf3 cxd4 6.Bc4 Qd6 7.O-O Nf6 8.Nb3
Nc6 9.Nbxd4 Nxd4 10.Nxd4 a6 11.Bb3 Qc7 12.Re1 Bd6 13.h3 O-O 14.Bg5 Be5 15.
c3 h6 16.Nf3 Bxc3 17.Rc1 Qd7 18.Rxc3 Qxd1 19.Rxd1 hxg5 20.Nxg5 Bd7 21.Rc7 
Bc6 22.Nxf7 Rxf7 23.Bxe6 Rf8 24.Rxf7 Rxf7 25.Rd8+ Ne8 26.f4 Kf8 27.Bxf7 
Kxf7 28.g4 g6 29.Kf2 Nc7 30.Kg3 Ne6 31.Rd1 Nc5 32.Kf2 Na4 33.Rd2 Nb6 34.
Kg3 Nd5 35.Re2 Nf6 36.f5 g5 37.h4 gxh4+ 38.Kxh4 Bf3 39.Rc2 Nxg4 40.Kg5 Bd1
1-0

[Event "3rd VAM op"]
[Site "Hoogeveen NED"]
[Date "1999.10.18"]
[Round "4.21"]
[White "Rantanen, Yrjo"]
[Black "Erwich, Marc"]
[Result "1-0"]
[WhiteElo "2358"]
[BlackElo "2059"]
[EventDate "1999.10.15"]
[PlyCount "73"]

1.d4 Nf6 2.Nf3 b6 3.c4 Bb7 4.Nc3 e6 5.Bg5 d5 6.cxd5 exd5 7.Qa4+ Bc6 8.Qb3 
Be7 9.Ne5 Bb7 10.e4 O-O 11.exd5 h6 12.Bxf6 Bxf6 13.f4 c5 14.dxc5 Bxe5 15.
fxe5 Qh4+ 16.g3 Qd4 17.c6 Qxe5+ 18.Be2 Ba6 19.Qc2 Nxc6 20.dxc6 Rfe8 21.Rd1
Qc5 22.Rd2 Qxc6 23.Rf1 Qg2 24.Qf5 Qxh2 25.Qxf7+ Kh8 26.Kd1 Rad8 27.Qf2 
Bxe2+ 28.Nxe2 Qh5 29.Qf3 Qg5 30.Nf4 Rxd2+ 31.Kxd2 Qa5+ 32.Kc2 Qxa2 33.Qc6 
Qg8 34.Kb1 Rc8 35.Ng6+ Kh7 36.Qe4 Rc4 37.Qd3 1-0

[Event "3rd VAM op"]
[Site "Hoogeveen NED"]
[Date "1999.10.18"]
[Round "4.25"]
[White "Van Delft, Merijn"]
[Black "Moll, Arne"]
[Result "1/2-1/2"]
[WhiteElo "2323"]
[BlackElo "2172"]
[EventDate "1999.10.15"]
[PlyCount "83"]

1.e4 c5 2.Nf3 d6 3.d4 cxd4 4.Nxd4 Nf6 5.Nc3 Nc6 6.Bg5 e6 7.Qd2 a6 8.O-O-O 
h6 9.Be3 Qc7 10.f3 Rb8 11.Kb1 b5 12.Nxc6 Qxc6 13.Bd3 Nd7 14.Ba7 Rb7 15.Bd4
Nb6 16.Rhe1 Nc4 17.Qe2 Kd8 18.b3 Bd7 19.Ka1 Ne5 20.Rc1 Be7 21.Qd2 Rc7 22.
Bf1 Kc8 23.Nd1 g5 24.Ne3 Kb8 25.Kb1 Rhc8 26.Red1 Qb7 27.Bb2 Bc6 28.Qe1 h5 
29.Rd4 g4 30.Qf2 gxf3 31.gxf3 Ng6 32.Rcd1 Qb6 33.Ba3 d5 34.Bxe7 Nxe7 35.
exd5 Nxd5 36.Nxd5 Bxd5 37.Qg3 Ka7 38.R4d2 Qe3 39.Rd3 Qh6 40.R3d2 Qe3 41.
Rd3 Qc5 42.R3d2 1/2-1/2

[Event "3rd VAM op"]
[Site "Hoogeveen NED"]
[Date "1999.10.19"]
[Round "5.1"]
[White "Tikkanen, Kari"]
[Black "Jonitz, Jens"]
[Result "0-1"]
[WhiteElo "2332"]
[BlackElo "2316"]
[EventDate "1999.10.15"]
[PlyCount "72"]

1.d4 Nf6 2.Nf3 g6 3.Bg5 Bg7 4.Nbd2 O-O 5.c3 d5 6.e3 b6 7.b4 c5 8.bxc5 bxc5
9.Qa4 a5 10.h3 Nbd7 11.Bb5 Ne4 12.Nxe4 dxe4 13.Nd2 cxd4 14.cxd4 Nc5 15.Qa3
Nd3+ 16.Bxd3 exd3 17.Bxe7 Qd5 18.O-O Re8 19.Qd6 Qh5 20.Qc5 Bf5 21.Bd6 Qe2 
22.Rad1 Rec8 23.Qd5 Be6 24.Qb7 Bxa2 25.Nf3 Qc2 26.Ne5 Bxe5 27.Bxe5 Bb3 28.
d5 Qc4 29.Ba1 Qxd5 30.Qe7 Qe6 31.Qa3 Bxd1 32.Qb2 f6 33.Rxd1 Rc2 34.Qd4 
Rac8 35.Qxd3 Rc1 36.g3 Qc4 0-1

[Event "3rd VAM op"]
[Site "Hoogeveen NED"]
[Date "1999.10.19"]
[Round "5.2"]
[White "Moll, Arne"]
[Black "Amesz, Jaap"]
[Result "0-1"]
[WhiteElo "2172"]
[BlackElo "2217"]
[EventDate "1999.10.15"]
[PlyCount "64"]

1.e4 c5 2.Nf3 e6 3.d4 cxd4 4.Nxd4 Nf6 5.Nc3 d6 6.Be2 a6 7.O-O b5 8.a3 Bb7 
9.Qd3 Nbd7 10.Bg5 Be7 11.Rae1 O-O 12.Qh3 Rc8 13.Kh1 Ne5 14.f4 Nc4 15.e5 
dxe5 16.fxe5 Nxe5 17.Nxe6 fxe6 18.Qxe6+ Nf7 19.Bd3 Re8 20.Bxh7+ Kf8 21.Bh4
Bd6 22.Qf5 Rxe1 23.Rxe1 Rc5 24.Bxf6 Qxf6 25.Qxf6 gxf6 26.Kg1 Rh5 27.Be4 
Bxh2+ 28.Kf2 Bxe4 29.Rxe4 Nd6 30.Rg4 Be5 31.g3 Bxc3 32.bxc3 Rh2+ 0-1

[Event "3rd VAM op"]
[Site "Hoogeveen NED"]
[Date "1999.10.19"]
[Round "5.4"]
[White "Jonkman, Harmen"]
[Black "Reinderman, Dimitri"]
[Result "0-1"]
[WhiteElo "2421"]
[BlackElo "2525"]
[EventDate "1999.10.15"]
[PlyCount "190"]

1.e4 e5 2.Bc4 Nf6 3.d3 c6 4.Nf3 d5 5.Bb3 a5 6.a4 Bd6 7.O-O O-O 8.Bg5 dxe4 
9.dxe4 h6 10.Bh4 Qe7 11.Nbd2 Nbd7 12.Nc4 Bc7 13.c3 g5 14.Bg3 Nxe4 15.Qc2 
Ndc5 16.Bxe5 Nxb3 17.Qxb3 Be6 18.Rfe1 Bxe5 19.Nfxe5 Nc5 20.Qa3 Rfe8 21.Re3
Qf8 22.Rd1 Red8 23.Rd4 Kg7 24.h3 Bxc4 25.Nxc4 Rxd4 26.cxd4 Ne6 27.Qxf8+ 
Kxf8 28.Re5 Nxd4 29.Rxa5 Rxa5 30.Nxa5 b6 31.Nc4 b5 32.axb5 cxb5 33.Ne3 f5 
34.Kf1 Ke7 35.Ke1 f4 36.Ng4 h5 37.Nh2 Kd6 38.Kd2 Kc5 39.Kd3 Kd5 40.Nf3 Ne6
41.g4 hxg4 42.hxg4 b4 43.Nd2 Nc5+ 44.Kc2 b3+ 45.Nxb3 Nxb3 46.Kxb3 Ke4 47.
Kc2 Kf3 48.b4 Kxf2 49.b5 f3 50.b6 Kg2 51.b7 f2 52.b8=Q f1=Q 53.Qe5 Qf2+ 
54.Kb1 Qd2 55.Qe6 Kg3 56.Ka1 Qd1+ 57.Ka2 Qxg4 58.Qe3+ Kh2 59.Qe5+ Qf4 60.
Qh8+ Kg2 61.Ka3 g4 62.Qb2+ Qf2 63.Qc1 g3 64.Ka4 Qd4+ 65.Ka5 Qd5+ 66.Ka4 
Qe4+ 67.Ka5 Kh3 68.Qc8+ Kh4 69.Qd8+ Kg4 70.Qd1+ Kf4 71.Qc1+ Kf5 72.Qc8+ 
Kg5 73.Qd8+ Kf4 74.Qh4+ Kf3 75.Qf6+ Ke2 76.Qb2+ Ke3 77.Qc1+ Kf3 78.Qf1+ 
Kg4 79.Qd1+ Qf3 80.Qd4+ Qf4 81.Qd1+ Kh4 82.Qh1+ Kg5 83.Qg2 Qe5+ 84.Ka4 Kg4
85.Qc2 Qd4+ 86.Ka3 Qa7+ 87.Kb4 Qb7+ 88.Ka4 Qd7+ 89.Kb4 Qd6+ 90.Ka4 Qf4+ 
91.Ka3 Qf3+ 92.Ka4 g2 93.Qg6+ Kh3 94.Qh6+ Kg3 95.Qc1 Qf4+ 0-1

[Event "3rd VAM op"]
[Site "Hoogeveen NED"]
[Date "1999.10.19"]
[Round "5.5"]
[White "Barsov, Alexei"]
[Black "Blees, Albert"]
[Result "1-0"]
[WhiteElo "2539"]
[BlackElo "2410"]
[EventDate "1999.10.15"]
[PlyCount "75"]

1.d4 d5 2.c4 dxc4 3.e3 Nf6 4.Bxc4 e6 5.Nf3 c5 6.O-O a6 7.Bd3 cxd4 8.exd4 
Be7 9.Ne5 O-O 10.Nc3 Bd7 11.Bg5 Nc6 12.Qf3 Nb4 13.Rad1 Nxd3 14.Rxd3 b5 15.
d5 Nxd5 16.Nxd5 exd5 17.Rxd5 Bxg5 18.Nxd7 Re8 19.g3 Qc7 20.b4 Be7 21.a3 
Bd6 22.Rfd1 Qxd7 23.Rxd6 Qe7 24.Rd7 Qe6 25.R1d6 Qe1+ 26.Kg2 Rf8 27.Rxf7 
Rae8 28.Rxf8+ Rxf8 29.Qd5+ Kh8 30.Qd4 Qe8 31.h4 Qf7 32.Rd7 Qg6 33.h5 Qh6 
34.Rd8 Qc6+ 35.Kh2 Qf3 36.Rxf8+ Qxf8 37.h6 Kg8 38.Qxg7+ 1-0

[Event "3rd VAM op"]
[Site "Hoogeveen NED"]
[Date "1999.10.19"]
[Round "5.6"]
[White "Pel, Bonno"]
[Black "Podgaets, Mikhail"]
[Result "1/2-1/2"]
[WhiteElo "2224"]
[BlackElo "2490"]
[EventDate "1999.10.15"]
[PlyCount "99"]

1.Nc3 d5 2.e4 c6 3.Nf3 Bg4 4.h3 Bxf3 5.Qxf3 e6 6.g3 g6 7.Bg2 Bg7 8.Qe2 Ne7
9.d3 Nd7 10.O-O dxe4 11.dxe4 e5 12.Rd1 Qc7 13.Qc4 Rc8 14.a4 Ng8 15.h4 Ngf6
16.Bh3 O-O 17.Be3 Rcd8 18.a5 a6 19.Rd3 h5 20.f3 Rfe8 21.Rad1 Bf8 22.b4 b5 
23.axb6 Nxb6 24.Qxa6 Nfd7 25.Bxd7 Nxd7 26.b5 Nc5 27.Bxc5 Bxc5+ 28.Kg2 Ra8 
29.Qxc6 Qxc6 30.bxc6 Rac8 31.Nd5 Rxc6 32.Rc3 Kg7 33.Rdd3 Rec8 34.Rc4 Bd4 
35.Rxc6 Rxc6 36.c3 Bc5 37.f4 exf4 38.gxf4 Ra6 39.Rd2 Ra1 40.e5 Rg1+ 41.Kf3
Rh1 42.Kg3 Rg1+ 43.Kh2 Rc1 44.Rd3 Bf2 45.Kh3 Be1 46.Re3 Bd2 47.Rd3 Be1 48.
Re3 Bd2 49.Rd3 Be1 50.Re3 1/2-1/2

[Event "3rd VAM op"]
[Site "Hoogeveen NED"]
[Date "1999.10.19"]
[Round "5.7"]
[White "Markus, John Raymond"]
[Black "Rantanen, Yrjo"]
[Result "0-1"]
[WhiteElo "2156"]
[BlackElo "2358"]
[EventDate "1999.10.15"]
[PlyCount "80"]

1.d4 Nf6 2.Nf3 g6 3.Nc3 d5 4.Bf4 c6 5.Qd2 h6 6.h3 Bg7 7.e3 Nbd7 8.Bh2 b5 
9.Bd3 a6 10.Ne5 Bb7 11.f4 c5 12.O-O e6 13.Bxg6 fxg6 14.Nxg6 b4 15.Ne2 Ne4 
16.Qe1 Rg8 17.f5 Qg5 18.fxe6 Qxg6 19.Nf4 Qg5 20.exd7+ Kxd7 21.dxc5 a5 22.
Rb1 Rac8 23.c4 Rxc5 24.cxd5 Bxd5 25.Rd1 Bxb2 26.Qe2 Nc3 27.Qxb2 Nxd1 28.
Rxd1 Kc6 29.Nxd5 Rxd5 30.Rc1+ Rc5 31.Rxc5+ Qxc5 32.Bf4 h5 33.Qf6+ Kb5 34.
Qf7 Rd8 35.Qb7+ Ka4 36.Kh2 Qd5 37.Qa6 Re8 38.Qg6 Re4 39.h4 Ka3 40.Qa6 Kxa2
0-1

[Event "3rd VAM op"]
[Site "Hoogeveen NED"]
[Date "1999.10.19"]
[Round "5.8"]
[White "Visser, Yge"]
[Black "Vedder, Richard"]
[Result "1-0"]
[WhiteElo "2378"]
[BlackElo "2234"]
[EventDate "1999.10.15"]
[PlyCount "61"]

1.e4 d6 2.d4 Nf6 3.Nc3 g6 4.f4 Bg7 5.Nf3 O-O 6.Bd3 Bg4 7.O-O Nc6 8.e5 dxe5
9.dxe5 Nd5 10.Be4 Nxc3 11.bxc3 Qxd1 12.Rxd1 f6 13.Rb1 Rab8 14.Re1 Bxf3 15.
Bxf3 fxe5 16.fxe5 Nxe5 17.Bxb7 Rbd8 18.Bg5 Rf7 19.Rbd1 Rxd1 20.Rxd1 h6 21.
Be3 e6 22.Bc8 Re7 23.Bxa7 Re8 24.Bb7 Nc4 25.Bc6 Re7 26.Bd4 Nd6 27.a4 e5 
28.Be3 Kh7 29.a5 Nc4 30.Bc5 Nxa5 31.Bxe7 1-0

[Event "3rd VAM op"]
[Site "Hoogeveen NED"]
[Date "1999.10.19"]
[Round "5.9"]
[White "De Jong, Migchiel"]
[Black "Erwich, Marc"]
[Result "1/2-1/2"]
[WhiteElo "2317"]
[BlackElo "2059"]
[EventDate "1999.10.15"]
[PlyCount "73"]

1.Nf3 Nf6 2.g3 b6 3.Bg2 Bb7 4.O-O e6 5.c4 Be7 6.Nc3 O-O 7.d4 d5 8.cxd5 
exd5 9.Bf4 Na6 10.Ne5 c5 11.Rc1 cxd4 12.Nb5 Nc5 13.Nxd4 Qe8 14.b4 Ne6 15.
Nxe6 fxe6 16.Rc7 Rb8 17.Nd3 Ne4 18.Qc2 Bd6 19.Bxd6 Nxd6 20.Qb2 Rf7 21.Rxf7
Qxf7 22.Qe5 Qe7 23.Rc1 Re8 24.Qd4 e5 25.Qc3 Rc8 26.Qb2 Rxc1+ 27.Qxc1 e4 
28.Nf4 Nc4 29.Qc3 Qe5 30.Qxe5 Nxe5 31.Ne6 Nc6 32.b5 Ne7 33.Nd4 a6 34.bxa6 
Bxa6 35.f3 Bc4 36.a3 exf3 37.Bxf3 1/2-1/2

[Event "3rd VAM op"]
[Site "Hoogeveen NED"]
[Date "1999.10.19"]
[Round "5.10"]
[White "Smeets, Jan"]
[Black "Van Kooten, Luuk"]
[Result "1/2-1/2"]
[WhiteElo "2193"]
[BlackElo "2331"]
[EventDate "1999.10.15"]
[PlyCount "99"]

1.e4 c5 2.Nf3 d6 3.d4 cxd4 4.Nxd4 Nf6 5.Nc3 a6 6.Be2 e6 7.O-O Be7 8.f4 O-O
9.Kh1 Nc6 10.Be3 Qc7 11.a4 Re8 12.Bf3 Rb8 13.g4 Nxd4 14.Bxd4 e5 15.Ba7 Ra8
16.fxe5 dxe5 17.g5 Rd8 18.Qe2 Ne8 19.Be3 Be6 20.Bg4 Bb4 21.Bxe6 fxe6 22.
Na2 Bd6 23.c4 g6 24.c5 Be7 25.Qc4 Ng7 26.Nb4 b6 27.Rac1 bxc5 28.Nxa6 Qc6 
29.Nxc5 Nf5 30.Rxf5 gxf5 31.Qxe6+ Qxe6 32.Nxe6 Rd3 33.Bc5 Bxc5 34.Nxc5 Rd2
35.b4 fxe4 36.b5 e3 37.Re1 e2 38.Kg2 Rc2 39.Nd7 Rxa4 40.b6 Rb4 41.Kf2 Rd2 
42.Nxe5 Rxb6 43.Nc4 Rdb2 44.Nxb6 Rxb6 45.Rxe2 h6 46.h4 hxg5 47.hxg5 Rb5 
48.Kf3 Rxg5 49.Rg2 Rxg2 50.Kxg2 1/2-1/2

[Event "3rd VAM op"]
[Site "Hoogeveen NED"]
[Date "1999.10.19"]
[Round "5.12"]
[White "Solleveld, Maarten"]
[Black "Plasman, Hans"]
[Result "1-0"]
[WhiteElo "2404"]
[BlackElo "2152"]
[EventDate "1999.10.15"]
[PlyCount "81"]

1.e4 e5 2.Nf3 Nc6 3.Bb5 f5 4.Nc3 fxe4 5.Nxe4 Nf6 6.Nxf6+ Qxf6 7.Qe2 Be7 8.
Bxc6 bxc6 9.Nxe5 O-O 10.O-O d5 11.d3 Bd6 12.f4 c5 13.Bd2 Be6 14.Rae1 Rae8 
15.Qf3 Kh8 16.b3 Qf5 17.Qg3 Qh5 18.h3 Rf6 19.Qf3 Qxf3 20.Rxf3 Kg8 21.Ng4 
Rff8 22.Rf2 Bd7 23.Rxe8 Rxe8 24.Kf1 h5 25.Ne3 c6 26.Nd1 Rf8 27.Nc3 Bf5 28.
Ne2 c4 29.Nd4 cxb3 30.axb3 Bc5 31.Nxf5 Rxf5 32.Re2 Kf7 33.g4 hxg4 34.hxg4 
Rf6 35.Kg2 Rd6 36.Re1 Rd8 37.Bc3 Rd7 38.Rh1 Re7 39.Be5 Kg8 40.Kf3 Bb6 41.
d4 1-0

[Event "3rd VAM op"]
[Site "Hoogeveen NED"]
[Date "1999.10.19"]
[Round "5.15"]
[White "Van der Veen, Jan"]
[Black "Van Delft, Merijn"]
[Result "0-1"]
[WhiteElo "2090"]
[BlackElo "2323"]
[EventDate "1999.10.15"]
[PlyCount "65"]

1.e4 c5 2.f4 d5 3.exd5 Nf6 4.Bb5+ Nbd7 5.c4 a6 6.Bxd7+ Bxd7 7.Nc3 e6 8.Qe2
Be7 9.dxe6 Bxe6 10.d3 O-O 11.Nf3 Re8 12.O-O Bd6 13.Ne5 Qc7 14.Qf3 Rad8 15.
Kh1 Re7 16.h3 Bxe5 17.fxe5 Qxe5 18.Bf4 Qf5 19.Ne4 Nxe4 20.dxe4 Qg6 21.Rfd1
Rd4 22.Be3 Rxd1+ 23.Rxd1 h6 24.Bxc5 Rc7 25.Rd8+ Kh7 26.b4 b6 27.Qf4 Rc6 
28.Qb8 Qxe4 29.Rh8+ Kg6 30.Qg3+ Kh5 31.Be3 Bxc4 32.Rg8 Rg6 33.Qe1 0-1

[Event "3rd VAM op"]
[Site "Hoogeveen NED"]
[Date "1999.10.19"]
[Round "5.17"]
[White "Klinova, Masha"]
[Black "Porrasmaa, Timo"]
[Result "1-0"]
[WhiteElo "2359"]
[BlackElo "2152"]
[EventDate "1999.10.15"]
[PlyCount "51"]

1.e4 Nc6 2.Nf3 f5 3.exf5 d5 4.d4 Bxf5 5.Bd3 Qd7 6.Bf4 Nf6 7.Nc3 e6 8.O-O 
Bd6 9.Bxf5 exf5 10.Ne5 Bxe5 11.dxe5 Ne4 12.Nxd5 O-O-O 13.c4 g5 14.Be3 Nxe5
15.f3 c6 16.fxe4 cxd5 17.Bxg5 Rde8 18.exd5 Rhg8 19.Bf4 Qg7 20.Qc2 Nd3 21.
Bg3 Qd4+ 22.Kh1 f4 23.Rf3 Re3 24.Bf2 Qe4 25.Bxe3 fxe3 26.Qe2 1-0

[Event "3rd VAM op"]
[Site "Hoogeveen NED"]
[Date "1999.10.19"]
[Round "5.18"]
[White "Remmel, Tim"]
[Black "Azadmanesh, Moosa"]
[Result "1-0"]
[WhiteElo "2201"]
[BlackElo "2147"]
[EventDate "1999.10.15"]
[PlyCount "49"]

1.g3 e6 2.Bg2 Nf6 3.e4 d5 4.e5 Nfd7 5.Nf3 c5 6.O-O Nc6 7.Re1 g5 8.h3 h5 9.
d4 Be7 10.c3 b6 11.c4 Nf8 12.Nc3 g4 13.hxg4 hxg4 14.Nh2 Nxd4 15.cxd5 exd5 
16.Nxd5 Rb8 17.Nxg4 Nfe6 18.Qa4+ Bd7 19.Qxa7 Nc2 20.Ngf6+ Bxf6 21.Nxf6+ 
Ke7 22.Rd1 Ncd4 23.Be3 Rc8 24.f4 Rc7 25.Nd5+ 1-0

[Event "3rd VAM op"]
[Site "Hoogeveen NED"]
[Date "1999.10.19"]
[Round "5.19"]
[White "Brodsky, Mikhail"]
[Black "Westerinen, Heikki"]
[Result "1-0"]
[WhiteElo "2512"]
[BlackElo "2382"]
[EventDate "1999.10.15"]
[PlyCount "83"]

1.e4 e6 2.d4 d5 3.Nd2 dxe4 4.Nxe4 Bd7 5.Nf3 Bc6 6.Bd3 Nd7 7.c3 Ngf6 8.
Nxf6+ Nxf6 9.O-O Bxf3 10.Qxf3 Qd5 11.Qe2 Bd6 12.h3 O-O 13.Rd1 Qh5 14.Qc2 
e5 15.Be2 Qg6 16.Qxg6 hxg6 17.dxe5 Bxe5 18.Bf3 c6 19.Be3 Bc7 20.a4 Bb6 21.
Bd2 Bc7 22.Be3 Rfd8 23.Rxd8+ Bxd8 24.a5 a6 25.Ra3 Nd5 26.Bxd5 cxd5 27.Rb3 
Rb8 28.Bf4 Rc8 29.Rxb7 Bxa5 30.Kf1 Rc6 31.Rd7 Rf6 32.Be5 Rc6 33.Rxd5 Bc7 
34.Bxc7 Rxc7 35.Rd8+ Kh7 36.Ke2 a5 37.Kd3 Rb7 38.Kc2 Rb5 39.c4 Rf5 40.Rd2 
Kg8 41.Kd3 Kf8 42.Re2 1-0

[Event "3rd VAM op"]
[Site "Hoogeveen NED"]
[Date "1999.10.19"]
[Round "5.20"]
[White "Van den Doel, Erik"]
[Black "Neverov, Valeriy"]
[Result "1/2-1/2"]
[WhiteElo "2528"]
[BlackElo "2549"]
[EventDate "1999.10.15"]
[PlyCount "77"]

1.e4 c5 2.Nf3 d6 3.d4 cxd4 4.Nxd4 Nf6 5.Nc3 a6 6.Be3 e5 7.Nb3 Be7 8.f3 Be6
9.Qd2 O-O 10.O-O-O b5 11.Nd5 Bxd5 12.exd5 Nbd7 13.Na5 Qc7 14.Nc6 Bd8 15.
Kb1 Nb6 16.c4 Nxc4 17.Bxc4 bxc4 18.Rc1 Qb7 19.Rhd1 Qb5 20.Nxd8 Rfxd8 21.
Bg5 Rab8 22.Bxf6 gxf6 23.f4 Re8 24.Rc2 Qc5 25.Qc3 Rb4 26.Rf1 Reb8 27.fxe5 
fxe5 28.Qg3+ Kf8 29.Rxf7+ Kxf7 30.Rf2+ Qxf2 31.Qxf2+ Kg8 32.Qf6 Rxb2+ 33.
Kc1 Rxg2 34.Qxd6 Rf8 35.Qe6+ Kg7 36.Qxe5+ Kg8 37.Qe6+ Kg7 38.Qe5+ Kg8 39.
Qe6+ 1/2-1/2

[Event "3rd VAM op"]
[Site "Hoogeveen NED"]
[Date "1999.10.19"]
[Round "5.21"]
[White "Tare, Marenglan"]
[Black "Hendriks, Richard V"]
[Result "0-1"]
[WhiteElo "2139"]
[BlackElo "2145"]
[EventDate "1999.10.15"]
[PlyCount "122"]

1.c4 b6 2.Nc3 Bb7 3.Nf3 e6 4.e4 Bb4 5.Qc2 Ne7 6.d3 O-O 7.Bd2 d5 8.a3 Bxc3 
9.Bxc3 c5 10.Be2 Nbc6 11.O-O Ng6 12.Rfd1 Qc7 13.b4 d4 14.Bd2 Nce5 15.Nxe5 
Qxe5 16.Rf1 f5 17.f4 Qc7 18.e5 Nh4 19.Rf2 g5 20.fxg5 f4 21.Bg4 Qxe5 22.Re1
Qxg5 23.Bxe6+ Kh8 24.Bd5 Bxd5 25.cxd5 Ng6 26.Re4 Rac8 27.Qb1 Rcd8 28.Qf1 
Rxd5 29.Bxf4 Nxf4 30.Rexf4 Rg8 31.Re4 Rd7 32.Rf5 Qg6 33.bxc5 bxc5 34.Rf6 
Qg5 35.Rf5 Qg6 36.Rxc5 Rdg7 37.g3 Qd6 38.Rce5 Qxa3 39.Rxd4 Qb2 40.Qf2 Qa1+
41.Kg2 a5 42.Ree4 Qb1 43.Qf6 Qa2+ 44.Qf2 Qb3 45.Rd6 a4 46.Qd4 a3 47.Rd7 
Qb2+ 48.Kf3 Qxd4 49.Rdxd4 Rf7+ 50.Ke3 Ra8 51.Ra4 Rfa7 52.Rac4 a2 53.Rc1 
a1=Q 54.Rxa1 Rxa1 55.Kf4 Rf1+ 56.Kg4 Rd1 57.Re3 Rd8 58.Kh4 R1xd3 59.Re1 
R8d7 60.Ra1 Kg7 61.Re1 R7d6 0-1

[Event "3rd VAM op"]
[Site "Hoogeveen NED"]
[Date "1999.10.19"]
[Round "5.22"]
[White "Bosboom, Manuel"]
[Black "Goloshchapov, Alexander"]
[Result "1/2-1/2"]
[WhiteElo "2476"]
[BlackElo "2519"]
[EventDate "1999.10.15"]
[PlyCount "128"]

1.d4 d5 2.c4 e6 3.Nc3 c6 4.e4 dxe4 5.Nxe4 Bb4+ 6.Bd2 Qxd4 7.Bxb4 Qxe4+ 8.
Be2 c5 9.Bxc5 Qxg2 10.Bf3 Qg5 11.Ba3 Qa5+ 12.Kf1 Ne7 13.Ne2 Nbc6 14.Rg1 
Bd7 15.Qb3 Nf5 16.Rd1 O-O-O 17.Nc3 Qb6 18.Be4 Ncd4 19.Qxb6 axb6 20.c5 b5 
21.Bxf5 Nxf5 22.Ne4 Bc6 23.Nd6+ Nxd6 24.cxd6 Rhg8 25.f4 Kd7 26.Bb4 Bd5 27.
Rc1 Bc6 28.Rc3 Rc8 29.Kf2 g6 30.a3 Bd5 31.Rgc1 Rc4 32.Rxc4 bxc4 33.h4 f6 
34.Ke3 e5 35.fxe5 fxe5 36.Rg1 h6 37.Rg3 Ke6 38.Rh3 Rg7 39.Rg3 Kf5 40.Bc3 
Rh7 41.Rg1 g5 42.hxg5 hxg5 43.Rf1+ Ke6 44.Rf8 Bc6 45.Rg8 Rh3+ 46.Kf2 Rf3+ 
47.Ke2 Rg3 48.Rg6+ Kf5 49.Rg7 Rd3 50.Rf7+ Kg6 51.Re7 e4 52.Re6+ Kh5 53.Bd2
Kh4 54.Rh6+ Kg4 55.Rg6 Rd5 56.Rg7 Kh5 57.Ke1 g4 58.Ke2 Rd3 59.Be3 Kh4 60.
Kf2 Kh5 61.Rg5+ Kh4 62.Rg8 g3+ 63.Rxg3 Rxd6 64.Rg7 Rf6+ 1/2-1/2

[Event "3rd VAM op"]
[Site "Hoogeveen NED"]
[Date "1999.10.19"]
[Round "5.23"]
[White "Kasimdzhanov, Rustam"]
[Black "Bosch, Jeroen"]
[Result "1-0"]
[WhiteElo "2603"]
[BlackElo "2433"]
[EventDate "1999.10.15"]
[PlyCount "115"]

1.d4 d5 2.c4 e6 3.Nf3 c5 4.cxd5 exd5 5.g3 Nc6 6.Bg2 Nf6 7.O-O Be7 8.Nc3 
O-O 9.dxc5 Bxc5 10.Bg5 d4 11.Bxf6 Qxf6 12.Nd5 Qd8 13.Nd2 Re8 14.Rc1 Bb6 
15.Nc4 Bg4 16.Re1 Ba5 17.Nxa5 Qxa5 18.b4 Nxb4 19.Qxd4 Nxd5 20.Qxg4 Rad8 
21.Red1 Nf6 22.Qc4 b5 23.Qc2 h6 24.Bf3 Rxd1+ 25.Rxd1 Rd8 26.Rc1 b4 27.Qc7 
Qxc7 28.Rxc7 Rd7 29.Rc8+ Kh7 30.Rc5 Rd1+ 31.Kg2 Ra1 32.Rc2 g5 33.h3 Kg7 
34.Bc6 a5 35.e4 Re1 36.Kf3 Rd1 37.Ke2 Rd8 38.Ke3 Rd1 39.Rc5 Ra1 40.e5 Ng8 
41.Bd5 Ne7 42.Bc4 Rc1 43.Kd3 a4 44.Rc7 Kf8 45.f4 gxf4 46.gxf4 Nd5 47.Rc8+ 
Kg7 48.f5 Rd1+ 49.Ke4 Nc3+ 50.Kf3 b3 51.axb3 a3 52.f6+ Kg6 53.Rg8+ Kh7 54.
Rg7+ Kh8 55.Rxf7 a2 56.Ra7 a1=Q 57.Rxa1 Rxa1 58.e6 1-0